| 000 | 01206cam a22003014a 4500 | ||
|---|---|---|---|
| 001 | 12991768 | ||
| 005 | 20030528111108.0 | ||
| 008 | 021104s2004 njua b 001 0 eng | ||
| 020 | _a0130164100 | ||
| 040 |
_aDLC _cDLC _dDLC |
||
| 082 | 0 | 0 |
_a330 _222 _bAYE |
| 100 | 1 |
_aAyers, Ronald M. _930253 |
|
| 245 | 1 | 0 |
_aEconomics : _bExplore & Apply / _cRonald Ayers, Robert Collinge. |
| 260 |
_aUpper Saddle River, NJ : _bPrentice Hall, _cc2004. |
||
| 300 |
_axxx, 734 p. : _bcol. ill., col. maps ; _c27 cm. |
||
| 500 | _aThis combined volume includes: Microeconomics and macroeconomics. | ||
| 504 | _aIncludes bibliographical references and index. | ||
| 650 | 0 |
_aEconomics. _930254 |
|
| 650 | 0 |
_aMicroeconomics. _930255 |
|
| 650 | 0 |
_aMacroeconomics. _930256 |
|
| 653 |
_bEco _cJune2012 |
||
| 700 | 1 |
_aCollinge, Robert A. _930257 |
|
| 700 | 1 | 2 |
_aAyers, Ronald M. _tMacroeconomics. _930258 |
| 700 | 1 | 2 |
_aAyers, Ronald M. _tMicroeconomics. _930259 |
| 942 |
_2ddc _cBB |
||
| 999 |
_c16801 _d16801 |
||